书目信息 |
| 题名: |
基于中西方体育文化差异视阈下的艺术体操训练新探
|
|
| 作者: | 罗琳 著 | |
| 分册: | ||
| 出版信息: | 北京 中国纺织出版社 2018 |
|
| 页数: | 197页 | |
| 开本: | 23cm | |
| 丛书名: | ||
| 单 册: | ||
| 中图分类: | G834.02 | |
| 科图分类: | ||
| 主题词: | 艺术体操--yi shu ti cao--运动训练 | |
| 电子资源: | ||
| ISBN: | 978-7-5180-4104-6 | |
| 000 | 01193nam0 2200253 450 | |
| 001 | 012001003962 | |
| 005 | 20140101081454.0 | |
| 010 | @a978-7-5180-4104-6@dCNY59.80 | |
| 099 | @aCAL 012018048249 | |
| 100 | @a20180428d2018 em y0chiy50 ea | |
| 101 | 0 | @achi |
| 102 | @aCN@b110000 | |
| 105 | @aa a 000yy | |
| 106 | @ar | |
| 200 | 1 | @a基于中西方体育文化差异视阈下的艺术体操训练新探@Aji yu zhong xi fang ti yu wen hua cha yi shi yu xia de yi shu ti cao xun lian xin tan@f罗琳著 |
| 210 | @a北京@c中国纺织出版社@d2018 | |
| 215 | @a197页@c图@d23cm | |
| 320 | @a有书目 (第196-197页) | |
| 330 | @a本书首先介绍了体育文化的一些基本理论,包括文化的概念与分类、文化与文化学、体育文化的研究等,然后从中西方体育文化的各种差异入手,阐述了中国传统文化中的中国体育文化、中西体育文明的比较、中西体育文化的特征、中西体育文化的差异、中西体育文化对后代的影响、“一带一路”会议召开对中西体育文化的影响等内容,最后从实践的角度出发,分析了艺术体操的训练。本选题成书以后的主要针对人群为高校体育教师,或可作为相关领域的研究参考用书。 | |
| 606 | 0 | @a艺术体操@Ayi shu ti cao@x运动训练 |
| 690 | @aG834.02@v5 | |
| 701 | 0 | @a罗琳@ALuo Lin@4著 |
| 801 | @b江苏凤凰@c20191020 | |
| 905 | @b1237504-9@dG834.02@e189@f6 | |
| 基于中西方体育文化差异视阈下的艺术体操训练新探/罗琳著.-北京:中国纺织出版社,2018 |
| 197页:图;23cm |
| ISBN 978-7-5180-4104-6:CNY59.80 |
| 本书首先介绍了体育文化的一些基本理论,包括文化的概念与分类、文化与文化学、体育文化的研究等,然后从中西方体育文化的各种差异入手,阐述了中国传统文化中的中国体育文化、中西体育文明的比较、中西体育文化的特征、中西体育文化的差异、中西体育文化对后代的影响、“一带一路”会议召开对中西体育文化的影响等内容,最后从实践的角度出发,分析了艺术体操的训练。本选题成书以后的主要针对人群为高校体育教师,或可作为相关领域的研究参考用书。 |
| ● |
| 相关链接 |
|
|
|
|
正题名:基于中西方体育文化差异视阈下的艺术体操训练新探
索取号:G834.02/189
 
预约/预借
| 序号 | 登录号 | 条形码 | 馆藏地/架位号 | 状态 | 备注 |
| 1 | 1237504 | 212375044 | 第一样本阅览室/ [索取号:G834.02/189] | 在馆 | |
| 2 | 1237505 | 212375053 | 教育系资料室/ [索取号:G834.02/189] | 在馆 | |
| 3 | 1237506 | 212375062 | 教育系资料室/ [索取号:G834.02/189] | 在馆 | |
| 4 | 1237507 | 212375071 | 第四借阅区/ [索取号:G834.02/189] | 在馆 | |
| 5 | 1237508 | 212375080 | 第四借阅区/ [索取号:G834.02/189] | 在馆 | |
| 6 | 1237509 | 212375099 | 第四借阅区/ [索取号:G834.02/189] | 在馆 |